000 00469cam a2200181ua 4500
020 _c200.00
041 _aeng
_h
082 _a621.4022
_bECK/AN
100 _aEckert, E R G .
245 _aAnalysis of heat and mass transfer /
_cE R G Eckert.
_hTextual Documents
260 _aNew York :
_bMcGraw Hill Book Company ,
_c1972.
300 _a806 ; .
365 _a200.00
504 _a
700 1 _aDrake, Robert M .
942 _cBK
999 _c9682
_d9682